[Event "Pardubice Czech op-C 30th"]
[Site "Pardubice"]
[Date "2019.07.27"]
[Round "9"]
[White "Ilkiv, Andrii"]
[Black "Salminen, Jussi"]
[Result "1-0"]
[WhiteElo "1703"]
[BlackElo "1978"]
[PlyCount "49"]
[EventDate "2019.07.20"]
[EventType "swiss"]
[EventRounds "9"]
[EventCountry "CZE"]
[SourceTitle "EXT 2020"]
[Source "ChessBase"]
[SourceDate "2019.10.17"]
[SourceVersion "1"]
[SourceVersionDate "2019.10.17"]
[SourceQuality "1"]

1. e4 c5 2. Nc3 Nc6 3. d3 g6 4. Be3 d6 5. Qd2 Bg7 6. g3 e6 7. Bg2 Nge7 8. Bh6 0-0 9. h4 Bxh6 10. Qxh6 f6 11. Qd2 e5 12. f4 Bg4 13. Bh3 Qd7 14. h5 Nd4 15. hxg6 Bxh3 16. 0-0-0 hxg6 17. Rxh3 Nf3 18. Qg2 Nxg1 19. Rxg1 Kg7 20. Rgh1 Rh8 21. f5 gxf5 22. Qh2 Rxh3 23. Qxh3 Rg8 24. Nd5 Kf7 25. Qh5+ 1-0

[Event "Pardubice op rapid 30th"]
[Site "Pardubice"]
[Date "2019.07.18"]
[Round "5"]
[White "Chrz, Pavel"]
[Black "Ilkiv, Andrii"]
[Result "0-1"]
[WhiteElo "1985"]
[BlackElo "1703"]
[PlyCount "98"]
[EventDate "2019.07.17"]
[EventType "swiss (rapid)"]
[EventRounds "9"]
[EventCountry "CZE"]
[SourceTitle "CBM 191 Extra"]
[Source "ChessBase"]
[SourceDate "2019.09.30"]
[SourceVersion "1"]
[SourceVersionDate "2019.09.30"]
[SourceQuality "1"]

1. e4 c5 2. d4 cxd4 3. c3 dxc3 4. Nxc3 e6 5. Nf3 a6 6. Bc4 Ne7 7. Bg5 Qc7 8. Qe2 Ng6 9. Rc1 Nc6 10. 0-0 Bd6 11. Bb3 0-0 12. Rfd1 Bf4 13. Rc2 Bxg5 14. Nxg5 Qf4 15. Nh3 Qf6 16. a4 Nd4 17. Rxd4 Qxd4 18. Rd2 Qb4 19. Bc4 b6 20. g3 Rd8 21. Ng5 Qe7 22. Qh5 h6 23. Nf3 Qc5 24. Qxc5 bxc5 25. Rd6 Bb7 26. h4 Kf8 27. h5 Ne7 28. Ne5 Ke8 29. f4 Nc8 30. Rd1 d6 31. Nxf7 Kxf7 32. f5 Ne7 33. Bxe6+ Ke8 34. g4 Rab8 35. g5 Bc8 36. Bxc8 Rbxc8 37. f6 gxf6 38. gxf6 Ng8 39. Nd5 Kf7 40. Kh2 Re8 41. Rg1 Nxf6 42. Rf1 Re6 43. Nf4 Rxe4 44. Nd5 Re6 45. Nf4 Re5 46. Kh3 Rg8 47. Rd1 Re3+ 48. Kh2 Ng4+ 49. Kg2 Rg3+ 0-1

[Event "Pardubice op rapid 30th"]
[Site "Pardubice"]
[Date "2019.07.17"]
[Round "1"]
[White "Castrillon Gomez, Melissa"]
[Black "Ilkiv, Andrii"]
[Result "1-0"]
[WhiteElo "2245"]
[BlackElo "1703"]
[PlyCount "69"]
[EventDate "2019.07.17"]
[EventType "swiss (rapid)"]
[EventRounds "9"]
[EventCountry "CZE"]
[SourceTitle "CBM 191 Extra"]
[Source "ChessBase"]
[SourceDate "2019.09.30"]
[SourceVersion "1"]
[SourceVersionDate "2019.09.30"]
[SourceQuality "1"]

1. d4 Nf6 2. g3 d5 3. Nf3 e6 4. c4 Be7 5. Bg2 0-0 6. 0-0 dxc4 7. Qc2 a6 8. Qxc4 b5 9. Qc2 Bb7 10. Bd2 Nbd7 11. Ba5 Ra7 12. Nbd2 Qa8 13. b4 Rc8 14. Nb3 Be4 15. Qd2 Nd5 16. Rac1 N7b6 17. a3 Nc4 18. Qa2 Bg5 19. Nxg5 Bxg2 20. Rfe1 h6 21. e4 hxg5 22. Kxg2 Nf6 23. Nc5 Rd8 24. Rxc4 bxc4 25. Qxc4 Qc6 26. Qc3 Raa8 27. Qe3 Rd6 28. Rc1 Qb5 29. a4 Qb8 30. e5 Nd5 31. Qxg5 Rc6 32. Kh3 Nxb4 33. Nd7 Qd8 34. Nf6+ Kf8 35. Bxb4+ 1-0

[Event "UKR-ch U12"]
[Site "Lvov"]
[Date "2019.03.23"]
[Round "5"]
[White "Ilkiv, Andrii"]
[Black "Bazakutsa, Svyatoslav"]
[Result "0-1"]
[WhiteElo "1821"]
[BlackElo "1808"]
[PlyCount "106"]
[EventDate "2019.03.19"]
[EventType "tourn"]
[EventRounds "11"]
[EventCountry "UKR"]
[SourceTitle "CBM 190 Extra"]
[Source "ChessBase"]
[SourceDate "2019.07.15"]
[SourceVersion "1"]
[SourceVersionDate "2019.07.15"]
[SourceQuality "1"]

1. e4 c6 2. d4 d5 3. e5 Bf5 4. Nf3 e6 5. Be2 Nd7 6. 0-0 Ne7 7. Nh4 c5 8. c3 cxd4 9. cxd4 Bxb1 10. Rxb1 Nc6 11. g3 Be7 12. Ng2 g6 13. Be3 h5 14. h3 Qa5 15. a3 b5 16. Qd3 a6 17. Nf4 Rg8 18. Rfc1 Qb6 19. Bf3 Rb8 20. b4 Nd8 21. Be2 Qb7 22. Qc2 Nb6 23. Qc7 Nc4 24. Qxb7 Rxb7 25. Bxc4 bxc4 26. Kf1 Kd7 27. Ne2 Nc6 28. Nc3 Rgb8 29. f4 Na7 30. g4 hxg4 31. hxg4 Nb5 32. Nxb5 Rxb5 33. Bd2 a5 34. a4 Rxb4 35. Bxb4 axb4 36. Ke2 b3 37. Rc3 Rh8 38. Rf3 Ba3 39. Rf2 c3 40. Rxb3 c2 41. Rf1 Rh2+ 42. Kd3 c1Q 43. Rxc1 Bxc1 44. Rb7+ Ke8 45. a5 Ra2 46. Ra7 Ra3+ 47. Kc2 Be3 48. Ra8+ Ke7 49. Kb2 Ra4 50. Kb3 Rxd4 51. a6 Rxf4 52. a7 Bxa7 53. Rxa7+ Kf8 0-1

[Event "UKR-ch U12"]
[Site "Lvov"]
[Date "2019.03.21"]
[Round "3"]
[White "Ilkiv, Andrii"]
[Black "Herus, Yaroslav"]
[Result "1-0"]
[WhiteElo "1821"]
[BlackElo "1375"]
[PlyCount "83"]
[EventDate "2019.03.19"]
[EventType "tourn"]
[EventRounds "11"]
[EventCountry "UKR"]
[SourceTitle "CBM 190 Extra"]
[Source "ChessBase"]
[SourceDate "2019.07.15"]
[SourceVersion "1"]
[SourceVersionDate "2019.07.15"]
[SourceQuality "1"]

1. e4 e6 2. d4 d5 3. e5 c5 4. c3 Nc6 5. Nf3 Qb6 6. a3 cxd4 7. cxd4 f6 8. Bd3 Bd7 9. 0-0 f5 10. Kh1 Nge7 11. Nc3 Ng6 12. b4 Be7 13. Rg1 Rc8 14. Na4 Qd8 15. g4 f4 16. Bxg6+ hxg6 17. Bxf4 Kf7 18. Nc5 b6 19. Nb7 Qf8 20. Bg5 Kg8 21. Bxe7 Nxe7 22. Qd3 Qf4 23. Nd6 Rf8 24. Rg3 Qh6 25. Kg2 g5 26. Rh1 Ng6 27. Kf1 Nf4 28. Qc2 Nh3 29. b5 Nf4 30. h4 gxh4 31. Rxh4 Qg6 32. Rxh8+ Kxh8 33. Qxg6 Nxg6 34. Ke2 Ne7 35. Ng5 Nc8 36. Ngf7+ Kg8 37. a4 Nxd6 38. Nxd6 Rf4 39. Ke3 g5 40. f3 Rf8 41. Rg1 Kg7 42. Rc1 1-0

[Event "UKR-ch U12"]
[Site "Lvov"]
[Date "2019.03.20"]
[Round "2"]
[White "Samunenkov, Igor"]
[Black "Ilkiv, Andrii"]
[Result "1-0"]
[WhiteElo "1965"]
[BlackElo "1821"]
[PlyCount "89"]
[EventDate "2019.03.19"]
[EventType "tourn"]
[EventRounds "11"]
[EventCountry "UKR"]
[SourceTitle "CBM 190 Extra"]
[Source "ChessBase"]
[SourceDate "2019.07.15"]
[SourceVersion "1"]
[SourceVersionDate "2019.07.15"]
[SourceQuality "1"]

1. e4 e5 2. Nf3 Nc6 3. Nc3 Nf6 4. d4 exd4 5. Nxd4 Bc5 6. Nxc6 bxc6 7. Bd3 h6 8. 0-0 0-0 9. e5 Nh7 10. Qh5 d6 11. Bxh7+ Kxh7 12. Ne4 Bd4 13. Bg5 f6 14. exf6 Bxf6 15. Nxf6+ Rxf6 16. Qh4 Bf5 17. Bxf6 gxf6 18. Rfe1 Rb8 19. b3 Rb5 20. c4 Re5 21. Qd4 c5 22. Qd2 Qg8 23. Qf4 Qe6 24. Re3 Rxe3 25. Qxe3 Qe5 26. Re1 Kg6 27. Qg3+ Qxg3 28. hxg3 Kf7 29. f3 c6 30. Kf2 Bg6 31. g4 h5 32. Kg3 a5 33. f4 hxg4 34. Kxg4 Bc2 35. f5 a4 36. bxa4 Bxa4 37. Rc1 Ke7 38. Kf4 d5 39. cxd5 Kd6 40. dxc6 Bxc6 41. g4 Bd5 42. a3 c4 43. g5 fxg5+ 44. Kxg5 Kc5 45. f6 1-0

[Event "UKR-ch U12"]
[Site "Lvov"]
[Date "2019.03.19"]
[Round "1"]
[White "Ilkiv, Andrii"]
[Black "Shakhaylo, Dmitriy"]
[Result "1-0"]
[WhiteElo "1821"]
[BlackElo "2037"]
[PlyCount "69"]
[EventDate "2019.03.19"]
[EventType "tourn"]
[EventRounds "11"]
[EventCountry "UKR"]
[SourceTitle "CBM 190 Extra"]
[Source "ChessBase"]
[SourceDate "2019.07.15"]
[SourceVersion "1"]
[SourceVersionDate "2019.07.15"]
[SourceQuality "1"]

1. e4 c5 2. Nf3 Nc6 3. Bb5 g6 4. Bxc6 dxc6 5. d3 Bg7 6. h3 Nf6 7. Nc3 0-0 8. Be3 b6 9. Qd2 Re8 10. 0-0 Nd7 11. Bh6 Nf8 12. Bxg7 Kxg7 13. Nh2 e5 14. f4 f6 15. f5 g5 16. Qe2 Qe7 17. Rf3 a5 18. h4 h6 19. Rh3 Qf7 20. Ng4 h5 21. hxg5 fxg5 22. Ne3 Kh6 23. Kf2 Ne6 24. Rxh5+ Kg7 25. Rah1 Nf8 26. Rxg5+ Kf6 27. Qg4 Rd8 28. Rh6+ Ke7 29. Rg7 Ke8 30. Rxf7 Kxf7 31. Qh5+ Ke7 32. f6+ Kd6 33. Nc4+ Kd7 34. Qxe5 Ra6 35. Qe7# 1-0

[Event "Pardubice Czech op-C 29th"]
[Site "Pardubice"]
[Date "2018.07.26"]
[Round "7"]
[White "Ilkiv, Andrii"]
[Black "Narr, Kevin"]
[Result "1-0"]
[WhiteElo "1840"]
[BlackElo "2045"]
[PlyCount "109"]
[EventDate "2018.07.21"]
[EventType "swiss"]
[EventRounds "9"]
[EventCountry "CZE"]
[SourceTitle "CBM 186 Extra"]
[Source "ChessBase"]
[SourceDate "2018.08.24"]
[SourceVersion "1"]
[SourceVersionDate "2018.08.24"]
[SourceQuality "1"]

1. e4 e6 2. d4 d5 3. Bd3 dxe4 4. Bxe4 Nf6 5. Bf3 c5 6. Ne2 Nc6 7. Be3 Nd5 8. Bxd5 Qxd5 9. Nbc3 Qd8 10. dxc5 Qxd1+ 11. Rxd1 Nb4 12. Rd2 Bd7 13. a3 Nc6 14. Nb5 0-0-0 15. Nd6+ Bxd6 16. cxd6 b6 17. 0-0 Na5 18. b3 Bb5 19. Rfd1 Bxe2 20. Rxe2 Rd7 21. Rd3 Rhd8 22. Red2 Nb7 23. Bf4 f6 24. Bg3 e5 25. f4 e4 26. Rc3+ Kb8 27. f5 Rc8 28. Rxc8+ Kxc8 29. Kf2 g6 30. fxg6 hxg6 31. Ke3 f5 32. h4 Rd8 33. Bf4 Rd7 34. Rd5 Rf7 35. b4 Kd7 36. Kd4 Rf6 37. c4 Nd8 38. c5 Ne6+ 39. Ke5 Nxf4 40. Kxf4 bxc5 41. bxc5 Rf8 42. Re5 Kc6 43. Kg5 Rh8 44. Kxg6 Rxh4 45. Kxf5 e3 46. g4 Rh3 47. g5 a6 48. Kg4 Rh8 49. Rxe3 Kxc5 50. Rd3 Rd8 51. Kf5 Kc4 52. Rd1 Kb3 53. d7 Kxa3 54. Ke6 Rg8 55. d8Q 1-0

[Event "Pustomyty Stein Memorial op"]
[Site "Pustomyty"]
[Date "2017.08.30"]
[Round "9"]
[White "Sanotsky, Yuriy"]
[Black "Ilkiv, Andrii"]
[Result "0-1"]
[WhiteElo "1942"]
[BlackElo "1681"]
[PlyCount "36"]
[EventDate "2017.08.25"]
[EventType "swiss"]
[EventRounds "9"]
[EventCountry "UKR"]
[SourceTitle "CBM 180 Extra"]
[Source "ChessBase"]
[SourceDate "2017.10.06"]
[SourceVersion "1"]
[SourceVersionDate "2017.10.06"]
[SourceQuality "1"]

1. b3 f5 2. Bb2 Nf6 3. Bxf6 exf6 4. c4 d5 5. cxd5 Qxd5 6. Nc3 Qd8 7. g3 c6 8. Bg2 Bd6 9. Nf3 0-0 10. 0-0 Qe8 11. Qc2 g5 12. e3 Kh8 13. Nd4 f4 14. gxf4 gxf4 15. Rac1 Rg8 16. Kh1 fxe3 17. fxe3 Qh5 18. h3 Bxh3 0-1

[Event "Pustomyty Stein Memorial op"]
[Site "Pustomyty"]
[Date "2017.08.29"]
[Round "8"]
[White "Ilkiv, Andrii"]
[Black "Medvedyk, Vasyl"]
[Result "0-1"]
[WhiteElo "1681"]
[BlackElo "2075"]
[PlyCount "110"]
[EventDate "2017.08.25"]
[EventType "swiss"]
[EventRounds "9"]
[EventCountry "UKR"]
[SourceTitle "CBM 180 Extra"]
[Source "ChessBase"]
[SourceDate "2017.10.06"]
[SourceVersion "1"]
[SourceVersionDate "2017.10.06"]
[SourceQuality "1"]

1. e4 d6 2. d4 Nf6 3. Nc3 g6 4. Bg5 Nbd7 5. f4 Nb6 6. Qd2 Bg7 7. Bd3 0-0 8. Nf3 Bg4 9. 0-0 Nfd7 10. Ne2 Qe8 11. h3 Bxf3 12. Rxf3 c5 13. c3 cxd4 14. cxd4 Rc8 15. a4 Nb8 16. a5 N6d7 17. Bb5 Qd8 18. f5 Nf6 19. Qe3 Nc6 20. a6 bxa6 21. Bxa6 Rb8 22. b3 Nb4 23. Bc4 Nc2 24. Qc3 Nxa1 25. Ng3 Qb6 26. Rd3 Rfd8 27. Qxa1 d5 28. exd5 Nxd5 29. fxg6 hxg6 30. Qf1 Bf6 31. Bxf6 Nxf6 32. Qf2 Rf8 33. Rf3 Rbd8 34. Rf4 g5 35. Rf5 Qxd4 36. Rxg5+ Kh8 37. Qxd4 Rxd4 38. Kf2 e6 39. Ra5 Rd7 40. Kf3 Rfd8 41. Ne2 Kg7 42. Nf4 Re7 43. g4 Rh8 44. Re5 Nd7 45. Nh5+ Kf8 46. Rb5 Nb6 47. Bd3 Rc7 48. Ke4 Ke7 49. Nf4 Nc8 50. Rh5 Nd6+ 51. Ke3 Rb8 52. h4 Rxb3 53. Rg5 Rc8 54. h5 Kf6 55. Nh3 Rcc3 0-1

[Event "Pustomyty Stein Memorial op"]
[Site "Pustomyty"]
[Date "2017.08.28"]
[Round "6"]
[White "Babiy, Igor"]
[Black "Ilkiv, Andrii"]
[Result "1-0"]
[WhiteElo "2224"]
[BlackElo "1681"]
[PlyCount "43"]
[EventDate "2017.08.25"]
[EventType "swiss"]
[EventRounds "9"]
[EventCountry "UKR"]
[SourceTitle "CBM 180 Extra"]
[Source "ChessBase"]
[SourceDate "2017.10.06"]
[SourceVersion "1"]
[SourceVersionDate "2017.10.06"]
[SourceQuality "1"]

1. Nf3 f5 2. d4 g6 3. g3 Nf6 4. Bg2 Bg7 5. 0-0 0-0 6. b3 d6 7. Bb2 Qe8 8. c4 h6 9. Nc3 g5 10. e4 c6 11. e5 Nh7 12. Re1 Qg6 13. d5 dxe5 14. Nxe5 Bxe5 15. Rxe5 e6 16. dxe6 Bxe6 17. Nd5 Qf7 18. Qd4 cxd5 19. Rxe6 Nf6 20. Bxd5 Nc6 21. Rxc6 bxc6 22. Qxf6 1-0

[Event "Pustomyty Stein Memorial op"]
[Site "Pustomyty"]
[Date "2017.08.27"]
[Round "4"]
[White "Lopadchak, Myroslav"]
[Black "Ilkiv, Andrii"]
[Result "1-0"]
[WhiteElo "2030"]
[BlackElo "1681"]
[PlyCount "31"]
[EventDate "2017.08.25"]
[EventType "swiss"]
[EventRounds "9"]
[EventCountry "UKR"]
[SourceTitle "CBM 180 Extra"]
[Source "ChessBase"]
[SourceDate "2017.10.06"]
[SourceVersion "1"]
[SourceVersionDate "2017.10.06"]
[SourceQuality "1"]

1. e4 e5 2. Nf3 Nc6 3. Bc4 Bc5 4. 0-0 Nf6 5. d4 Bxd4 6. Nxd4 Nxd4 7. f4 Nc6 8. Nc3 0-0 9. fxe5 Nxe5 10. Bg5 Nxc4 11. Nd5 d6 12. Nxf6+ gxf6 13. Bxf6 Qd7 14. Rf5 Ne5 15. Qh5 Qxf5 16. exf5 1-0